[Event "HUN-chT2 Asztalos 0809"]
[Site "Hungary"]
[Date "2009.01.25"]
[Round "6"]
[White "Kalanyos, Ferenc"]
[Black "Zsigmond, Karoly"]
[Result "0-1"]
[WhiteElo "1997"]
[BlackElo "2062"]
[PlyCount "94"]
[EventDate "2008.10.26"]
[EventType "team-tourn"]
[EventRounds "11"]
[EventCountry "HUN"]
[SourceTitle "EXT 2010"]
[Source "ChessBase"]
[SourceDate "2010.11.25"]
[SourceVersion "1"]
[SourceVersionDate "2010.11.25"]
[SourceQuality "1"]
[WhiteTeam "Tamasi Szabadido"]
[BlackTeam "Dunaujvaros"]
[WhiteTeamCountry "HUN"]
[BlackTeamCountry "HUN"]

1. b4 d5 2. Bb2 Nf6 3. e3 e6 4. a3 Nbd7 5. c4 c6 6. d4 Bd6 7. Nf3 0-0 8. Nbd2 Re8 9. Rc1 e5 10. dxe5 Nxe5 11. cxd5 Nxd5 12. Bc4 Nxc4 13. Nxc4 Be7 14. Qb3 Be6 15. Nd4 Bf6 16. Nxe6 Rxe6 17. 0-0 Bxb2 18. Nxb2 Qg5 19. Nd3 Rd8 20. Rfd1 Nxe3 21. Nf4 Nxd1 22. Rxd1 Rxd1+ 23. Qxd1 Re8 24. g3 Qe5 25. Qd7 Qe7 26. Qg4 g6 27. Nh5 f5 28. Qc4+ Qe6 29. Nf6+ Kh8 30. Qd4 Qe5 31. Qd7 Re7 32. Qd8+ Kg7 33. Nd7 Re8 34. Qg5 Qe7 35. Qxe7+ Rxe7 36. Nc5 b6 37. Na6 Re1+ 38. Kg2 Ra1 39. Nb8 c5 40. bxc5 bxc5 41. Nc6 Rxa3 42. Kf1 Ra2 43. h4 a5 44. Ne5 a4 45. Nc4 a3 46. f4 Ra1+ 47. Ke2 a2 0-1

[Event "HUN-chT2 Asztalos 0708"]
[Site "Hungary"]
[Date "2007.12.16"]
[Round "5"]
[White "Kalanyos, Ferenc"]
[Black "Horvath, Janos"]
[Result "1/2-1/2"]
[WhiteElo "2000"]
[BlackElo "2125"]
[PlyCount "90"]
[EventDate "2007.10.14"]
[EventType "team"]
[EventRounds "11"]
[EventCountry "HUN"]
[SourceTitle "EXT 2009"]
[Source "ChessBase"]
[SourceDate "2008.11.26"]
[SourceVersion "1"]
[SourceVersionDate "2008.11.26"]
[SourceQuality "1"]
[WhiteTeam "Koppany"]
[BlackTeam "Szenna Pack II"]
[WhiteTeamCountry "HUN"]
[BlackTeamCountry "HUN"]

1. b4 d5 2. Bb2 Nf6 3. e3 e6 4. b5 a6 5. a4 axb5 6. axb5 Rxa1 7. Bxa1 c5 8. c4 Nbd7 9. Nf3 Bd6 10. Qb3 0-0 11. Be2 dxc4 12. Bxc4 Qe7 13. 0-0 b6 14. Na3 Bb7 15. Be2 Bc7 16. h3 e5 17. d3 e4 18. dxe4 Nxe4 19. Nc4 Kh8 20. Rd1 f5 21. Qb2 f4 22. Qxg7+ Qxg7 23. Bxg7+ Kxg7 24. Rxd7+ Rf7 25. Rxf7+ Kxf7 26. exf4 Bxf4 27. Nxb6 Ke7 28. Nc4 Nc3 29. Bd3 Bxf3 30. gxf3 Nxb5 31. Nb6 Nc7 32. Bxh7 Kd6 33. Be4 Ke5 34. Kf1 Kd4 35. Ke2 c4 36. Kd1 Nb5 37. Nd5 Nc3+ 38. Nxc3 Kxc3 39. Ke2 Kd4 40. h4 Ke5 41. h5 Bh6 42. Kd1 Kf4 43. Kd2 Bg7 44. h6 Bxh6 45. Kc3 Bg5 1/2-1/2

[Event "HUN-chT2 Asztalos 0708"]
[Site "Hungary"]
[Date "2007.12.09"]
[Round "4"]
[White "Kalanyos, Ferenc"]
[Black "Dudas, Eszter"]
[Result "0-1"]
[WhiteElo "2000"]
[BlackElo "2086"]
[PlyCount "48"]
[EventDate "2007.10.14"]
[EventType "team"]
[EventRounds "11"]
[EventCountry "HUN"]
[SourceTitle "EXT 2009"]
[Source "ChessBase"]
[SourceDate "2008.11.26"]
[SourceVersion "1"]
[SourceVersionDate "2008.11.26"]
[SourceQuality "1"]
[WhiteTeam "Koppany"]
[BlackTeam "Paks ASE"]
[WhiteTeamCountry "HUN"]
[BlackTeamCountry "HUN"]

1. b4 d5 2. e3 e6 3. Bb2 Nf6 4. a3 c5 5. b5 Bd6 6. c4 Nbd7 7. a4 b6 8. Nf3 Bb7 9. Na3 0-0 10. Be2 Qc7 11. h3 Rfe8 12. d4 cxd4 13. Bxd4 Bb4+ 14. Kf1 e5 15. Bb2 Rad8 16. Qb3 Bf8 17. cxd5 Nc5 18. Qc2 Bxd5 19. Nd2 Qb7 20. f3 Nh5 21. Kf2 Qe7 22. g3 Qf6 23. Bc4 Bb7 24. Be2 Rxd2 0-1

[Event "HUN-chT2 Asztalos 0708"]
[Site "Hungary"]
[Date "2007.10.14"]
[Round "1"]
[White "Kalanyos, Ferenc"]
[Black "Gal, Peter"]
[Result "1/2-1/2"]
[WhiteElo "2000"]
[BlackElo "2079"]
[PlyCount "131"]
[EventDate "2007.10.14"]
[EventType "team"]
[EventRounds "11"]
[EventCountry "HUN"]
[SourceTitle "EXT 2009"]
[Source "ChessBase"]
[SourceDate "2008.11.26"]
[SourceVersion "1"]
[SourceVersionDate "2008.11.26"]
[SourceQuality "1"]
[WhiteTeam "Koppany"]
[BlackTeam "Szekszard"]
[WhiteTeamCountry "HUN"]
[BlackTeamCountry "HUN"]

1. b4 e6 2. Bb2 Nf6 3. a3 d5 4. e3 c5 5. b5 Bd6 6. Nf3 Nbd7 7. a4 0-0 8. c4 e5 9. cxd5 Nxd5 10. Bc4 N5b6 11. Ba2 e4 12. Ng1 Ne5 13. Bxe5 Bxe5 14. Nc3 Bxc3 15. dxc3 Qf6 16. Qc2 Be6 17. Ne2 Bxa2 18. Rxa2 Qe5 19. a5 Nd5 20. Ra4 Rfe8 21. 0-0 Rad8 22. Rd1 Rd6 23. h3 f5 24. Ra2 Nc7 25. Qb3+ Kf8 26. Rad2 Red8 27. Rxd6 Rxd6 28. Rxd6 Qxd6 29. Nf4 g5 30. b6 gxf4 31. bxc7 Qxc7 32. exf4 Qxa5 33. Qxb7 Qxc3 34. Qc8+ Kg7 35. Qxf5 Qe1+ 36. Kh2 Qxf2 37. Qxe4 Qd4 38. Qb7+ Kf6 39. Qxa7 Qxf4+ 40. Kg1 Qe3+ 41. Kf1 Qd3+ 42. Kf2 c4 43. Qb6+ Ke5 44. Qc5+ Ke4 45. Qe7+ Kd4 46. Qf6+ Kc5 47. Qe7+ Kb5 48. Qe2 Qd4+ 49. Ke1 Kb4 50. Qd2+ Qxd2+ 51. Kxd2 Kb3 52. Kc1 Kc3 53. g4 Kd3 54. h4 Ke4 55. h5 Kf4 56. h6 Kxg4 57. Kc2 Kg5 58. Kc3 Kxh6 59. Kxc4 Kg5 60. Kd3 Kg4 61. Ke2 Kg3 62. Kf1 Kh2 63. Kf2 h5 64. Kf1 h4 65. Kf2 h3 66. Kf1 1/2-1/2

[Event "HUN-chT2 Asztalos 0506"]
[Site "Hungary"]
[Date "2005.11.27"]
[Round "4"]
[White "Barta, Sandor"]
[Black "Kalanyos, Ferenc"]
[Result "1/2-1/2"]
[WhiteElo "2159"]
[BlackElo "2005"]
[PlyCount "42"]
[EventDate "2005.10.16"]
[EventType "team"]
[EventRounds "11"]
[EventCountry "HUN"]
[SourceTitle "EXT 2009"]
[Source "ChessBase"]
[SourceDate "2008.11.26"]
[SourceVersion "1"]
[SourceVersionDate "2008.11.26"]
[SourceQuality "1"]
[WhiteTeam "Bajai"]
[BlackTeam "Koppany"]
[WhiteTeamCountry "HUN"]
[BlackTeamCountry "HUN"]

1. d4 d5 2. Nf3 e6 3. e3 Nf6 4. Bd3 Be7 5. Nbd2 Nbd7 6. 0-0 c5 7. c3 c4 8. Bb1 b5 9. e4 0-0 10. e5 Ne8 11. Qc2 g6 12. Re1 Ng7 13. Nf1 f5 14. exf6 Bxf6 15. Ne3 a5 16. Ng4 Nf5 17. Qe2 Ra6 18. Bf4 Ng7 19. Bh6 Qe7 20. Bc2 Kh8 21. Rad1 Rb6 1/2-1/2

[Event "HUN-chT2 Asztalos 0506"]
[Site "Hungary"]
[Date "2005.10.30"]
[Round "2"]
[White "Kalanyos, Ferenc"]
[Black "Tesinszky, Gyorgy"]
[Result "0-1"]
[WhiteElo "2005"]
[BlackElo "2154"]
[PlyCount "94"]
[EventDate "2005.10.16"]
[EventType "team"]
[EventRounds "11"]
[EventCountry "HUN"]
[SourceTitle "EXT 2009"]
[Source "ChessBase"]
[SourceDate "2008.11.26"]
[SourceVersion "1"]
[SourceVersionDate "2008.11.26"]
[SourceQuality "1"]
[WhiteTeam "Koppany"]
[BlackTeam "Komlo Banyasz"]
[WhiteTeamCountry "HUN"]
[BlackTeamCountry "HUN"]

1. b4 e6 2. Bb2 Nf6 3. a3 c5 4. b5 b6 5. e3 d5 6. c4 Bb7 7. Nf3 a6 8. a4 axb5 9. axb5 Nbd7 10. d3 Rxa1 11. Bxa1 Bd6 12. Be2 0-0 13. 0-0 Qc7 14. Nbd2 Ra8 15. Qc2 e5 16. e4 dxe4 17. Nxe4 Nxe4 18. dxe4 Nf8 19. Rd1 Ne6 20. g3 Nd4 21. Nxd4 exd4 22. Bd3 g6 23. Bb2 Kg7 24. Bc1 f6 25. f4 h6 26. Re1 g5 27. e5 fxe5 28. fxg5 hxg5 29. Bxg5 e4 30. Bxe4 Re8 31. Qf2 Rxe4 32. Qf6+ Kg8 33. Rf1 Re2 34. Rf5 Bc8 35. Qg6+ Qg7 36. Rf6 Bc7 37. Qh5 Re1+ 38. Kf2 Re6 39. Rxe6 Bxe6 40. Qe8+ Qf8+ 41. Qxf8+ Kxf8 42. h4 Bxc4 43. h5 Bxb5 44. Bd2 c4 45. g4 c3 46. Bh6+ Kg8 47. Ke1 d3 0-1

[Event "HUN-chT2 Asztalos 0405"]
[Site "Hungary"]
[Date "2004.11.21"]
[Round "3"]
[White "Hujber, Gyula"]
[Black "Kalanyos, Ferenc"]
[Result "1/2-1/2"]
[WhiteElo "2113"]
[BlackElo "2013"]
[PlyCount "62"]
[EventDate "2004.09.26"]
[EventType "team"]
[EventRounds "11"]
[EventCountry "HUN"]
[SourceTitle "EXT 2009"]
[Source "ChessBase"]
[SourceDate "2008.11.26"]
[SourceVersion "1"]
[SourceVersionDate "2008.11.26"]
[SourceQuality "1"]
[WhiteTeam "Kiraly Sakk"]
[BlackTeam "Koppany"]
[WhiteTeamCountry "HUN"]
[BlackTeamCountry "HUN"]

1. e4 c5 2. c3 d6 3. d4 cxd4 4. cxd4 e6 5. Nc3 a6 6. Be3 Be7 7. Bd3 Nf6 8. h3 b5 9. a3 Bb7 10. Nf3 Nc6 11. 0-0 0-0 12. Rc1 Rc8 13. Qe2 b4 14. axb4 Nxb4 15. Bb1 a5 16. Rfd1 Ba6 17. Qe1 d5 18. exd5 Nbxd5 19. Nxd5 Nxd5 20. Rxc8 Bxc8 21. Ne5 Bb4 22. Qe2 Bb7 23. Qh5 Nf6 24. Qh4 Qd5 25. Qg3 Bd6 26. Rc1 Nh5 27. Qg5 h6 28. Qg4 Nf6 29. Qg3 Nh5 30. Qg4 Nf6 31. Qg3 Nh5 1/2-1/2

[Event "HUN-chT2 Asztalos 0304"]
[Site "Hungary"]
[Date "2003.10.05"]
[Round "2"]
[White "Nagy, Gyorgy Daniel"]
[Black "Kalanyos, Ferenc"]
[Result "1-0"]
[WhiteElo "2104"]
[BlackElo "1992"]
[PlyCount "119"]
[EventDate "2003.08.29"]
[EventType "team"]
[EventRounds "11"]
[EventCountry "HUN"]
[SourceTitle "EXT 2009"]
[Source "ChessBase"]
[SourceDate "2008.11.26"]
[SourceVersion "1"]
[SourceVersionDate "2008.11.26"]
[SourceQuality "1"]
[WhiteTeam "Fehervar"]
[BlackTeam "Koppany"]
[WhiteTeamCountry "HUN"]
[BlackTeamCountry "HUN"]

1. e4 e6 2. d4 d5 3. Nc3 Nf6 4. e5 Nfd7 5. f4 c5 6. Nf3 Nc6 7. Be3 Be7 8. Be2 0-0 9. 0-0 a6 10. a4 Qb6 11. Qd2 cxd4 12. Nxd4 Nxd4 13. Bxd4 Qxd4+ 14. Qxd4 Bc5 15. Qxc5 Nxc5 16. a5 f5 17. exf6 Rxf6 18. b4 Nd7 19. Na4 Rb8 20. c3 Rf8 21. Rae1 Nf6 22. Nc5 Re8 23. Bf3 b6 24. axb6 Rxb6 25. g4 Rd8 26. Re3 Ne8 27. g5 Nc7 28. Bg4 g6 29. h4 Rdd6 30. Rfe1 Kf7 31. Kf2 d4 32. Rd3 dxc3 33. Rxc3 Nd5 34. Rc4 Rxb4 35. Ne4 Rd7 36. Rxc8 Nxf4 37. Kg3 Nd3 38. Rf1+ Ke7 39. Nf6 Rdd4 40. Re8+ Kd6 41. Rxe6+ Kc7 42. Ra1 Nf4 43. Rc1+ Kb8 44. Re3 Nh5+ 45. Kh3 Nxf6 46. Rc8+ Ka7 47. Re7+ Kb6 48. Rb8+ Ka5 49. Rxb4 Rd3+ 50. Kg2 Nd5 51. Rbe4 Nxe7 52. Rxe7 Rd4 53. Kf3 Rd3+ 54. Re3 Rd1 55. Be6 Rd8 56. Ba2 Rd7 57. Kg4 Rd4+ 58. Kg3 Rd7 59. Rf3 Kb4 60. Rf7 1-0